Cuentos infantiles
Bewaard in:
| Formaat: | Texto |
|---|---|
| Tags: |
Voeg label toe
Geen labels, Wees de eerste die dit record labelt!
|
MARC
| LEADER | 00000 a a2200000 04500 | ||
|---|---|---|---|
| 001 | 45679 | ||
| 003 | |||
| 040 | |||
| 245 | |a Cuentos infantiles | ||
| 773 | |g número505 ( , 2012), 122 páginas | ||
| 999 | |c 30878 |d 30878 | ||
